• 首页
  • 本馆介绍
  • 公告通知
  • 最新文献
  • 馆藏检索
  • 电子资源
  • 读者导购
  • 参考咨询
  • 我的图书馆
  • 登录
  • 详细信息显示
  • 放入我的书架
  • 预约/预借图书
  • 作者相关作品
  • 分类相关作品
  • 丛书相关作品
  • 出版社相关作品

书目信息

  • 表格格式
  • 工作单格式
  • 卡片格式
题名:
看图学修VCD/DVD
    
 
作者: 吴疆 , 王跃生 编著
分册:  
出版信息: 北京   人民邮电出版社  2002
页数: 192页
开本: 23cm
丛书名: 看图学修家电丛书
单 册:
中图分类: TN946.5
科图分类:
主题词: 激光放像机--维修 , 激光放像机
电子资源:
ISBN: 7-115-10285-6
000 00879oam2 2200265 450
001 1552789078
005 20150131144017.93
010    @a7-115-10285-6@dCNY20.00
100    @a20020624d2002 em y0chiy0110 ea
101 0  @achi
102    @aCN@b110000
105    @aa z 000yy
200 1  @a看图学修VCD/DVD@9kan tu xue xiu VCD/DVD@f吴疆,王跃生编著
210    @a北京@c人民邮电出版社@d2002
215    @a192页@c图@d23cm
225 2  @a看图学修家电丛书
330    @a本书详细介绍VCD/DVD机的种类、特点和组成,对VCD/DVD机中常用的元器件进行了分类说明;对VCD/DVD机给出了100种常见故障现象,分析了故障原因,指出了维修方法。
461  0 @12001 @a看图学修家电丛书
606 0  @a激光放像机@x维修
606 0  @a激光放像机
690    @aTN946.5@v5
701  0 @a吴疆@9wu jiang@4编著
701  0 @a王跃生@9wang yue sheng@4编著
801  0 @aCN@bTSSF@c20150131
905    @aZUCC@dTN946.5@eJY136
    
    看图学修VCD/DVD/吴疆,王跃生编著.-北京:人民邮电出版社,2002
    192页:图;23cm.-(看图学修家电丛书)
    
    
    ISBN 7-115-10285-6:CNY20.00
    本书详细介绍VCD/DVD机的种类、特点和组成,对VCD/DVD机中常用的元器件进行了分类说明;对VCD/DVD机给出了100种常见故障现象,分析了故障原因,指出了维修方法。
●
相关链接 在E读中查询图书 在五车中查询图书 在当当中查询图书 在豆瓣中查询图书


正题名:看图学修VCD/DVD     索取号:TN946.5/JY136         预约/预借

序号 登录号 条形码 馆藏地/架位号 状态 备注
1 7861831   278618319   学院路分馆/ [索取号:TN946.5/JY136] 在馆    
2 7861832   278618328   学院路分馆/ [索取号:TN946.5/JY136] 在馆    
3 7861833   278618337   学院路分馆/ [索取号:TN946.5/JY136] 在馆    
4 7861834   278618346   学院路分馆/ [索取号:TN946.5/JY136] 在馆    
唐山师范学院图书馆 欢迎您!
大连网信软件有限公司© 版权所有